000 00623nam a2200193Ia 4500
003 GCL
008 140319s9999 xx 000 0 ara d
040 _aGCL /
_cGCL
082 0 4 _a910.133
_bع ج
100 1 _aعلى وهب
245 1 0 _aجغرافية الاقتصادي الزراعى المقومات والانتاج /
_cعلى وهب
260 _a[S.N] :
_bالمؤسسة الجامعية للدراسات والنشر والتوزيع
300 _a430 ص
490 _a
650 0 4 _aالزراعة
650 0 4 _aالجغرافيا الاقتصادية
650 0 4 _aالجغرافيون
942 _2ddc
_cBK
999 _c48569
_d48569